| 000 | 00341nam a2200109Ia 4500 | ||
|---|---|---|---|
| 008 | 200302s9999 xx 000 0 und d | ||
| 100 | _aPhilip Pregill and Nancy Volkman | ||
| 245 | _aLandscapes in History Design and Planning in the Eastern and Western Traditions 2nd ed | ||
| 260 | _bJohn- Wiley & Sons, Inc., | ||
| 260 | _c1999 | ||
| 300 | _a844 | ||
| 999 |
_c3776 _d3776 |
||